000 00367nam a2200145Ia 4500
008 230917s9999||||xx |||||||||||||| ||und||
040 _e157428
_aMAIN
041 _aEnglish
082 _a708.954 L154T
100 _aLalit Kala Akademi
245 0 _a33rd national exhibitions of art 1990
260 _aNew Delhi
_bLalit Kala Akademy
300 _a99 p.
942 _cBK
999 _c64136
_d64136